000
00286nam a2200109Ia 4500
999
_c
8000
_d
8000
020
_a
0-582-52330-3
100
_a
L.G. Alexander
245
0
_a
Practice And Progress an Integrated Course for Pre-Intermediate Students
260
_a
England
_b
McGraw Hill
_c
1984
300
_a
235
942
_c
BK